01654cam a2200361 a 4500999001700000001000900017005001700026008004100043010001700084020001500101035002300116040001800139042001400157043001200171050002300183111007300206245016700279246003700446260005300483300003400536500006000570500020800630504005100838650005400889650006000943700002101003700002101024710002701045710003401072710002901106942003401135952012301169 c26337d263371312079520170204091542.0030312s2000 nyua bc 101 0 eng d a 00107299  a0914407228 a(OCoLC)ocm45568256 aYDMcYDMdDLC alccopycat an-us---00aNK4008b.C468 20002 aCeramic National Exhibitionn(30th :d2000 :cEverson Museum of Art)10aEverson Ceramic National 2000 :bthe 30th Ceramic National Exhibition /corganized by Thomas Piché, Jr. ; with essays by Thomas Piché, Jr. and Justin Clemens.30a30th Ceramic National Exhibition aSyracuse, N.Y. :bEverson Museum of Art,cc2000. a107 p. :bcol. ill. ;c27 cm. aPublication prepared on the occasion of the exhibition. aExhibition itinerary: Everson Museum of Art, Syracuse, N.Y., Oct. 6, 2000-Feb. 4, 2001; Samuel P. Harn Museum, Gainesville, Florida, May 27-Aug. 12, 2001; Chicago Cultural Center, Jan. 12-Mar. 17, 2002. aIncludes bibliographical references and index. 0aArt pottery, Americany20th centuryvExhibitions. 0aCeramic sculpture, Americany20th centuryvExhibitions.1 aPiché, Thomas.1 aClemens, Justin.2 aEverson Museum of Art.2 aSamuel P. Harn Museum of Art.2 aChicago Cultural Center. 2lcccBOOKShNK4008 .C468 2000 00102lcc4070aMUCbMUCcTECHd2017-02-04eDonation(BFA)l0oNK4008 .C468 2000p34015r2018-06-27w2017-02-04yBOOKS